00328 a2200109 450000500170000002000180001708200150003510000190005024500680006926000400013730000410017720250624134235.0 a0-07-250770-5 a658.05 ZAG aZAGORSKY, L. J aBusiness Information: Finding and Using Data in the Digital Age aNew YorkbMcGraw-Hill Irwin c2003. axi, 276p.:ill.; figuresbIndexc23cm